[Event "DEM U10/U10w 2010"]
[Site "Oberhof GER"]
[Date "2010.05.24"]
[Round "3"]
[White "Ovsepyan, Arshak"]
[Black "Krüger, David"]
[Result "1-0"]
[Termination "normal"]
[Board "1"]
[WhiteElo "1945"]
[BlackElo "1394"]
[PlyCount "136"]
[WhiteFideId "24690236"]
[BlackFideId "12921858"]
[EventCountry "GER"]
[EventRounds "11"]
[EventType "swiss"]
[EventDate "2010.05.22"]

1. e4 e5 2. Nf3 Nc6 3. Bc4 Nf6 4. d3 Bc5 5. c3 d6 6. Be3 Bb6 7. Nbd2 h6 8. Qe2
Ne7 9. h3 Ng6 10. g4 Bd7 11. O-O-O Bxe3 12. fxe3 b5 13. Bb3 a5 14. d4 exd4 15.
exd4 Nf4 16. Qe3 Ng2 17. Qf2 Nf4 18. Qh2 g5 19. e5 Ng8 20. exd6 cxd6 21. Ne4
Qc7 22. Rhe1 O-O-O 23. Bxf7 Bxg4 24. hxg4 Qxf7 25. Nfxg5 hxg5 26. Qxh8 Qxa2 27.
Qh2 Qa1+ 28. Kc2 Qa4+ 29. Kb1 Qb3 30. Nxg5 Nd5 31. Qd2 Qc4 32. Re2 a4 33. Qd3
Qb3 34. c4 Qxd3+ 35. Rxd3 bxc4 36. Ra3 Nb6 37. Re6 Kc7 38. Rf3 Nd5 39. Rf7+ Kc6
40. Nh7 c3 41. bxc3 Rb8+ 42. Kc2 a3 43. Ra7 Rb2+ 44. Kc1 Ra2 45. Re8 Ra1+ 46.
Kc2 Ra2+ 47. Kb3 Rg2 48. Rxg8 Rg3 49. Rxa3 Rxc3+ 50. Kb2 Rc4 51. Rc8+ Nc7 52.
Rc3 Rxc3 53. Kxc3 Kd7 54. Rf8 Ne6 55. Ra8 Ke7 56. Ra7+ Ke8 57. g5 Nf4 58. d5
Nxd5+ 59. Kd4 Ne7 60. Nf6+ Kf8 61. Ke4 d5+ 62. Ke5 Nc6+ 63. Kf5 Nxa7 64. Kg6
Nc6 65. Kh7 Ne5 66. Nxd5 Kf7 67. Nf4 Ng4 68. g6+ Kf8 1-0

[Event "DEM U10/U10w 2010"]
[Site "Oberhof GER"]
[Date "2010.05.24"]
[Round "3"]
[White "Greßmann, Moritz"]
[Black "Poghosyan, Tigran"]
[Result "1-0"]
[Termination "normal"]
[Board "2"]
[WhiteElo "1600"]
[BlackElo "1387"]
[PlyCount "55"]
[WhiteFideId "24695084"]
[BlackFideId "12909319"]
[EventCountry "GER"]
[EventRounds "11"]
[EventType "swiss"]
[EventDate "2010.05.22"]

1. e4 c5 2. Nc3 e6 3. g3 d5 4. exd5 exd5 5. d4 Be6 6. Bg2 Nf6 7. Bg5 cxd4 8.
Qxd4 Nc6 9. Qa4 Be7 10. O-O-O h6 11. Bxf6 Bxf6 12. Nxd5 Bxd5 13. Bxd5 O-O 14.
Bxf7+ Rxf7 15. Rxd8+ Rxd8 16. f4 Rd4 17. Qa3 Re7 18. Nf3 Rde4 19. Qb3+ Kh8 20.
c3 Re3 21. Qd1 Rc7 22. Re1 Ree7 23. Rxe7 Rxe7 24. h4 Re4 25. Qd3 Re8 26. g4 Rd8
27. Qb5 Rb8 28. g5 1-0

[Event "DEM U10/U10w 2010"]
[Site "Oberhof GER"]
[Date "2010.05.24"]
[Round "3"]
[White "Litzka, Richard"]
[Black "Kreyssig, Bruno"]
[Result "1-0"]
[Termination "normal"]
[Board "4"]
[WhiteElo "1543"]
[BlackElo "1319"]
[PlyCount "65"]
[BlackFideId "4692489"]
[EventCountry "GER"]
[EventRounds "11"]
[EventType "swiss"]
[EventDate "2010.05.22"]

1. e4 c5 2. Nf3 Nc6 3. Bb5 e6 4. O-O Nge7 5. Nc3 a6 6. Bxc6 Nxc6 7. d4 cxd4 8.
Nxd4 Be7 9. Be3 O-O 10. Kh1 b5 11. f4 Bb7 12. Qd2 Qc7 13. Nxc6 dxc6 14. Rad1
Rfd8 15. Qf2 Rxd1 16. Rxd1 Rd8 17. Rxd8+ Qxd8 18. h3 h6 19. Kh2 Kh7 20. e5 g6
21. Ne4 Qf8 22. Bc5 Bxc5 23. Qxc5 Qxc5 24. Nxc5 Bc8 25. Kg3 Kg7 26. Kf3 Kf8 27.
Ke4 Ke7 28. b4 Ke8 29. Kd4 Kd8 30. Ne4 Bb7 31. Kc5 Kc7 32. Nd6 h5 33. Nxf7 1-0

[Event "DEM U10/U10w 2010"]
[Site "Oberhof GER"]
[Date "2010.05.24"]
[Round "3"]
[White "Wächter, Nathalie"]
[Black "Höglauer, Patrick"]
[Result "1-0"]
[Termination "normal"]
[Board "5"]
[WhiteElo "1385"]
[BlackElo "1768"]
[PlyCount "153"]
[WhiteFideId "12921033"]
[BlackFideId "1270548"]
[EventCountry "GER"]
[EventRounds "11"]
[EventType "swiss"]
[EventDate "2010.05.22"]

1. e4 d6 2. d4 g6 3. Nc3 Nf6 4. Be3 Bg7 5. Qd2 Nc6 6. Nf3 Bg4 7. Be2 Bxf3 8.
Bxf3 e5 9. dxe5 Nxe5 10. Be2 Qe7 11. O-O h6 12. f3 g5 13. a4 Ng6 14. Rad1 Nh5
15. Nd5 Qd7 16. b3 O-O 17. Bd4 Nhf4 18. Bxg7 Kxg7 19. c4 Nxd5 20. cxd5 Qe7 21.
Rc1 Kh7 22. Rc3 Rac8 23. Rfc1 f5 24. Bd3 f4 25. Qc2 Ne5 26. Rxc7 Rxc7 27. Qxc7
Qxc7 28. Rxc7+ Rf7 29. Rxf7+ Nxf7 30. e5+ Kg7 31. e6 Ne5 32. Be2 a5 33. Bb5 Kf6
34. Kf2 Ke7 35. g3 Kf6 36. Kg2 b6 37. Be2 Ng6 38. Kh3 Ne7 39. Bc4 Ke5 40. Bd3
Kf6 41. Be4 Ke5 42. Kg4 Ng8 43. Kh5 Kf6 44. gxf4 gxf4 45. h4 Kg7 46. Kg4 Kf6
47. Kxf4 h5 48. Kg3 Ke5 49. Bg6 Kxd5 50. Bf7 Ne7 51. Kf4 Kc5 52. Kg5 d5 53. f4
b5 54. f5 bxa4 55. bxa4 d4 56. f6 Kd6 57. fxe7 Kxe7 58. Kh6 d3 59. Kg7 d2 60.
Bxh5 Kxe6 61. Bg4+ Kd5 62. h5 Kc4 63. h6 Kb3 64. h7 Kxa4 65. h8=Q Ka3 66. Qh3+
Kb2 67. Qf1 a4 68. Qb5+ Ka3 69. Qd3+ Kb2 70. Qxd2+ Ka3 71. Qh2 Kb4 72. Qb8+ Ka3
73. Bd7 Ka2 74. Bxa4 Ka1 75. Bc2 Ka2 76. Qb3+ Ka1 77. Qb1# 1-0

[Event "DEM U10/U10w 2010"]
[Site "Oberhof GER"]
[Date "2010.05.24"]
[Round "3"]
[White "Vogel, Roven"]
[Black "Fieberg, Samuel"]
[Result "1-0"]
[Termination "normal"]
[Board "6"]
[WhiteElo "1480"]
[BlackElo "1305"]
[PlyCount "53"]
[WhiteFideId "12908088"]
[BlackFideId "12901717"]
[EventCountry "GER"]
[EventRounds "11"]
[EventType "swiss"]
[EventDate "2010.05.22"]

1. e4 e5 2. Nf3 Nc6 3. Bc4 Bc5 4. c3 Nf6 5. d3 d6 6. b4 Bb6 7. a4 a5 8. b5 Ne7
9. Qb3 O-O 10. Ba3 Ng6 11. Nbd2 Nh5 12. g3 Bh3 13. d4 exd4 14. cxd4 Nf6 15.
O-O-O h6 16. Rhe1 Ng4 17. Re2 Qd7 18. Bd5 c6 19. Bc4 Rfe8 20. bxc6 Qxc6 21. Kb1
Qd7 22. Qxb6 Qxa4 23. Qb3 Qd7 24. Bb5 Qd8 25. Bxe8 Qxe8 26. Ng1 a4 27. Qb4 1-0

[Event "DEM U10/U10w 2010"]
[Site "Oberhof GER"]
[Date "2010.05.24"]
[Round "3"]
[White "Kololli, Kevin"]
[Black "Mehsin, Yazan"]
[Result "0-1"]
[Termination "normal"]
[Board "7"]
[WhiteElo "1323"]
[BlackElo "1473"]
[PlyCount "122"]
[WhiteFideId "12936863"]
[EventCountry "GER"]
[EventRounds "11"]
[EventType "swiss"]
[EventDate "2010.05.22"]

1. d4 d5 2. Bf4 Nf6 3. e3 e6 4. Bd3 c5 5. c3 Nc6 6. Nf3 Bd6 7. Bg3 Qb6 8. Bxd6
c4 9. Be2 Qxb2 10. Nbd2 Qxc3 11. Rc1 Qa5 12. Qc2 Ne4 13. Bf4 Nb4 14. Qb1 Nc6
15. Rc2 Nb4 16. Rb2 Nc3 17. Qa1 Nxe2 18. Kxe2 c3 19. Rxb4 Qxb4 20. Rb1 Qa5 21.
Nb3 Qb5+ 22. Ke1 c2 23. Rc1 e5 24. dxe5 Bf5 25. Nbd4 Qb4+ 26. Nd2 Bd3 27. Nxc2
Qe7 28. Nd4 O-O 29. Qc3 Ba6 30. N2f3 Qd7 31. Qd2 Qg4 32. Bg3 Rac8 33. h3 Qe4
34. Rxc8 Rxc8 35. Qb2 Qd3 36. Nd2 Rc6 37. Qb3 Rc1+ 38. Qd1 Rxd1+ 39. Kxd1 Bc4
40. e6 fxe6 41. Nxe6 Bxa2 42. Be5 Bb3+ 43. Ke1 Bc4 44. Nf4 Qa3 45. Ne2 Bd3 46.
Bd4 b5 47. f3 b4 48. Bc5 Qa4 49. Nc1 Bc4 50. Bd4 b3 51. e4 dxe4 52. fxe4 Be6
53. Ncxb3 Bxb3 54. Nxb3 Qxb3 55. Bxa7 Qb4+ 56. Kf2 Qb2+ 57. Kf3 Qa3+ 58. Be3
Kf7 59. g4 h6 60. h4 Qd3 61. e5 Ke6 0-1

[Event "DEM U10/U10w 2010"]
[Site "Oberhof GER"]
[Date "2010.05.24"]
[Round "3"]
[White "Schmidek, Emil"]
[Black "Hartmann, Martin"]
[Result "1-0"]
[Termination "normal"]
[Board "8"]
[WhiteElo "1740"]
[BlackElo "1223"]
[PlyCount "101"]
[WhiteFideId "12908150"]
[BlackFideId "12911925"]
[EventCountry "GER"]
[EventRounds "11"]
[EventType "swiss"]
[EventDate "2010.05.22"]

1. d4 d5 2. c4 dxc4 3. Nf3 Nf6 4. e3 Nc6 5. Bxc4 e6 6. O-O Be7 7. Nbd2 O-O 8.
Bb3 Na5 9. Bc2 b5 10. a4 c6 11. Ne5 Bb7 12. axb5 cxb5 13. Ng4 Nc4 14. Nxf6+
Bxf6 15. Qh5 g6 16. Qxb5 Nxd2 17. Bxd2 Rb8 18. Qe2 Bg7 19. Bc3 a6 20. Bd3 Qg5
21. f4 Qd5 22. Bxa6 Bxa6 23. Rxa6 Qb7 24. Rfa1 Ra8 25. Kf2 f5 26. Qc4 Kh8 27.
Qxe6 Rfe8 28. Rxa8 Rxa8 29. Ra4 Qb8 30. Qa2 Rxa4 31. Qxa4 h6 32. Qb4 Qd8 33.
Qa5 Qh4+ 34. Kg1 Kh7 35. Qd5 h5 36. Qb7 Kh6 37. Qc6 Kh7 38. b4 Bf8 39. b5 Ba3
40. Ba5 Bb2 41. b6 Qd8 42. Qc7+ Qxc7 43. bxc7 Bc1 44. Kf2 Bxe3+ 45. Kxe3 h4 46.
c8=Q g5 47. Qxf5+ Kh6 48. Qxg5+ Kh7 49. Bc3 h3 50. d5 hxg2 51. Qg7# 1-0

[Event "DEM U10/U10w 2010"]
[Site "Oberhof GER"]
[Date "2010.05.24"]
[Round "3"]
[White "Boehling, Richard"]
[Black "Moses, Selina"]
[Result "0-1"]
[Termination "normal"]
[Board "9"]
[WhiteElo "1108"]
[BlackElo "1453"]
[PlyCount "126"]
[WhiteFideId "12946176"]
[BlackFideId "12908070"]
[EventCountry "GER"]
[EventRounds "11"]
[EventType "swiss"]
[EventDate "2010.05.22"]

1. e4 e5 2. Nf3 d6 3. Bc4 Be7 4. c3 Nd7 5. d3 Ngf6 6. O-O O-O 7. Nbd2 c6 8. Re1
h6 9. Nf1 Re8 10. Ng3 Nf8 11. d4 Ng6 12. Qb3 Rf8 13. dxe5 dxe5 14. Rd1 Qc7 15.
h3 b5 16. Be2 Nf4 17. Bxf4 exf4 18. Nf5 Nxe4 19. Nxe7+ Qxe7 20. Bd3 Nf6 21. Re1
Qc7 22. Rad1 Be6 23. Qa3 Rad8 24. Nd4 Rde8 25. Nxe6 Rxe6 26. Rxe6 fxe6 27. Qb3
Qf7 28. c4 bxc4 29. Bxc4 Nd5 30. Bxd5 cxd5 31. Rd3 Rd8 32. Rf3 e5 33. Qb5 e4
34. Ra3 d4 35. Qe5 d3 36. Qxe4 d2 37. Rd3 d1=Q+ 38. Rxd1 Rxd1+ 39. Kh2 f3 40.
gxf3 Qc7+ 41. Kg2 Qd8 42. Qc4+ Kh8 43. Kh2 Qd6+ 44. f4 Qg6 45. Qc8+ Kh7 46. Qg4
Qxg4 47. hxg4 Rd2 48. Kg3 Rxb2 49. a4 Ra2 50. f3 Rxa4 51. f5 g5 52. Kf2 Kg7 53.
Kg2 Kf6 54. Kg3 Rb4 55. Kf2 a5 56. Kg3 a4 57. f4 Rxf4 58. Kg2 a3 59. Kg3 a2 60.
Kh3 a1=Q 61. Kg2 Qf1+ 62. Kg3 Rf3+ 63. Kh2 Rh3# 0-1

[Event "DEM U10/U10w 2010"]
[Site "Oberhof GER"]
[Date "2010.05.24"]
[Round "3"]
[White "Urban, Konstantin"]
[Black "Dürr, Florian"]
[Result "1-0"]
[Termination "normal"]
[Board "10"]
[WhiteElo "1241"]
[BlackElo "1750"]
[PlyCount "97"]
[WhiteFideId "12927511"]
[BlackFideId "24659134"]
[EventCountry "GER"]
[EventRounds "11"]
[EventType "swiss"]
[EventDate "2010.05.22"]

1. e4 e6 2. d4 d5 3. Nd2 Nf6 4. e5 Nfd7 5. c3 c5 6. Bd3 Nc6 7. Ne2 Be7 8. O-O
O-O 9. Nf3 a6 10. Qc2 h6 11. Qd1 b5 12. Be3 Bb7 13. Qd2 Re8 14. Ng3 Bf8 15. Bc2
Qb6 16. Qd3 f5 17. exf6 Nxf6 18. h3 c4 19. Qd2 b4 20. Ne5 Rac8 21. Bg6 Re7 22.
Bb1 a5 23. Qc2 Ba6 24. Qg6 bxc3 25. bxc3 Qb2 26. Nh5 Kh8 27. Nxf6 gxf6 28. Nf7+
Rxf7 29. Qxf7 f5 30. Qf6+ Bg7 31. Qxe6 Qxa1 32. Bxf5 Qxc3 33. Qg6 Kg8 34. Bxc8
Bxc8 35. Qe8+ Bf8 36. Bxh6 Qb4 37. Qxc8 Nxd4 38. Qg4+ Kf7 39. Bxf8 Kxf8 40.
Qxd4 c3 41. Qh8+ Kf7 42. Qh7+ Kf8 43. Qc2 d4 44. Rc1 Qb5 45. Rd1 Qc5 46. g4 Qe5
47. Qd3 Kg8 48. Qxd4 c2 49. Qc4+ 1-0

[Event "DEM U10/U10w 2010"]
[Site "Oberhof GER"]
[Date "2010.05.24"]
[Round "3"]
[White "Pallas, Sebastian"]
[Black "Kitze, Alexander"]
[Result "1-0"]
[Termination "normal"]
[Board "11"]
[WhiteElo "1560"]
[BlackElo "1323"]
[PlyCount "35"]
[WhiteFideId "12905453"]
[BlackFideId "12914827"]
[EventCountry "GER"]
[EventRounds "11"]
[EventType "swiss"]
[EventDate "2010.05.22"]

1. e4 c5 2. Nf3 Nf6 3. e5 Nd5 4. c4 Nb6 5. d4 cxd4 6. Nxd4 Nc6 7. Nc3 Nxe5 8.
c5 Nbc4 9. f4 Qc7 10. fxe5 Qxe5+ 11. Qe2 Qxd4 12. Qxc4 Qe5+ 13. Be2 e6 14. b4
b6 15. Bf4 Qf6 16. O-O b5 17. Nxb5 Ba6 18. Nc7+ 1-0

[Event "DEM U10/U10w 2010"]
[Site "Oberhof GER"]
[Date "2010.05.24"]
[Round "3"]
[White "Niermann, Tristan"]
[Black "Graf, Clara Victoria"]
[Result "0-1"]
[Termination "normal"]
[Board "12"]
[WhiteElo "1199"]
[BlackElo "1736"]
[PlyCount "102"]
[WhiteFideId "12990698"]
[BlackFideId "1270339"]
[EventCountry "GER"]
[EventRounds "11"]
[EventType "swiss"]
[EventDate "2010.05.22"]

1. e4 c5 2. c3 Nf6 3. e5 Nd5 4. Nf3 Nc6 5. Bc4 Nb6 6. Bb3 d6 7. exd6 exd6 8.
O-O Be7 9. d4 c4 10. Bc2 O-O 11. b3 d5 12. Nbd2 Bg4 13. h3 Bh5 14. bxc4 dxc4
15. Ne4 Nd5 16. Ng3 Bg6 17. Bb2 Nf4 18. Be4 Nd3 19. Bxd3 Bxd3 20. Re1 Qb6 21.
Qd2 Rfe8 22. Ne5 Nxe5 23. Rxe5 Bd6 24. Rg5 Bxg3 25. Rxg3 Re2 26. Qg5 Qg6 27.
Qd5 Qb6 28. Rf3 Rf8 29. Ba3 Be4 30. Qg5 Bxf3 31. Bxf8 Kxf8 32. gxf3 Qg6 33. f4
Qxg5+ 34. fxg5 Rc2 35. Rb1 b6 36. Kf1 Rxc3 37. Rd1 Rxh3 38. d5 Rh1+ 39. Ke2
Rxd1 40. Kxd1 Ke7 41. Kd2 Kd6 42. a4 Kxd5 43. Kc3 a5 44. f3 Kc5 45. f4 b5 46.
Kb2 bxa4 47. f5 Kb4 48. Kc2 c3 49. Kb1 Kb3 50. Ka1 c2 51. f6 c1=Q# 0-1

[Event "DEM U10/U10w 2010"]
[Site "Oberhof GER"]
[Date "2010.05.24"]
[Round "3"]
[White "Grieb, Lukas"]
[Black "Lagunow, Raphael"]
[Result "0-1"]
[Termination "normal"]
[Board "14"]
[WhiteElo "1007"]
[BlackElo "1623"]
[PlyCount "122"]
[WhiteFideId "1271993"]
[BlackFideId "24652644"]
[EventCountry "GER"]
[EventRounds "11"]
[EventType "swiss"]
[EventDate "2010.05.22"]

1. e4 c5 2. Nf3 Nc6 3. d4 cxd4 4. Nxd4 Nf6 5. Nc3 e5 6. Ndb5 d6 7. Nd5 Nxd5 8.
exd5 Nb8 9. Bd3 a6 10. Nc3 g6 11. Be3 Bg7 12. Qd2 O-O 13. O-O-O Nd7 14. h4 f5
15. Bh6 e4 16. Be2 Ne5 17. Bxg7 Kxg7 18. h5 Qf6 19. Rh3 Bd7 20. Rdh1 Rg8 21.
hxg6 hxg6 22. Rh7+ Kf8 23. Qh6+ Ke8 24. Rh8 Qf8 25. Rxg8 Qxg8 26. Qh8 Kf8 27.
Qf6+ Nf7 28. Rh6 Qg7 29. Rxg6 Qxf6 30. Rxf6 Kg7 31. Nxe4 fxe4 32. Rf4 Re8 33.
Bh5 Re7 34. Bxf7 Rxf7 35. Rxe4 Rxf2 36. Re7+ Rf7 37. Rxf7+ Kxf7 38. c3 Kf6 39.
c4 b5 40. Kc2 bxc4 41. Kc3 Ke5 42. Kxc4 Bb5+ 43. Kc3 Kxd5 44. g4 Bd7 45. g5 Ke5
46. Kc4 Be6+ 47. Kb4 Bxa2 48. g6 Kf6 49. Ka5 d5 50. Kb4 Kxg6 51. Kc3 Kf5 52.
Kd4 a5 53. Kd3 Ke5 54. Ke3 d4+ 55. Kd3 Bb1+ 56. Kd2 Ke4 57. Ke2 d3+ 58. Kd1 Ke3
59. b4 axb4 60. Ke1 d2+ 61. Kd1 Ba2 0-1

[Event "DEM U10/U10w 2010"]
[Site "Oberhof GER"]
[Date "2010.05.24"]
[Round "3"]
[White "Matzeit, Adrian"]
[Black "Baberz, Alexander"]
[Result "1/2-1/2"]
[Termination "normal"]
[Board "15"]
[WhiteElo "1175"]
[BlackElo "1567"]
[PlyCount "76"]
[WhiteFideId "12946737"]
[BlackFideId "12921734"]
[EventCountry "GER"]
[EventRounds "11"]
[EventType "swiss"]
[EventDate "2010.05.22"]

1. e4 c5 2. Nf3 d6 3. d4 cxd4 4. Nxd4 Nf6 5. Nc3 a6 6. f4 e6 7. Be2 g6 8. O-O
Bg7 9. Kh1 O-O 10. Be3 Qe7 11. Qd2 Nbd7 12. Bf3 Rd8 13. Rae1 e5 14. Nb3 exf4
15. Bxf4 Ne5 16. Bxe5 dxe5 17. Qe3 Be6 18. Nc5 Bc4 19. Nd3 Bxd3 20. cxd3 Rd6
21. Rd1 Rad8 22. Be2 Qc7 23. Rc1 Qb6 24. Qxb6 Rxb6 25. Na4 Rc6 26. Rxc6 bxc6
27. Nc5 a5 28. Nb3 a4 29. Nc5 a3 30. bxa3 Ra8 31. a4 Bf8 32. Nb3 Nd7 33. Rc1
Rxa4 34. Ra1 Nc5 35. Nxc5 Bxc5 36. Bd1 Ra3 37. Bb3 Bd4 38. Rc1 c5 1/2-1/2

[Event "DEM U10/U10w 2010"]
[Site "Oberhof GER"]
[Date "2010.05.24"]
[Round "3"]
[White "Peter, Anton"]
[Black "Reimers, Kim"]
[Result "1-0"]
[Termination "normal"]
[Board "16"]
[WhiteElo "1499"]
[BlackElo "1192"]
[PlyCount "63"]
[WhiteFideId "12901660"]
[BlackFideId "12930377"]
[EventCountry "GER"]
[EventRounds "11"]
[EventType "swiss"]
[EventDate "2010.05.22"]

1. e4 e6 2. d4 d5 3. e5 c5 4. c3 Nc6 5. Nf3 Qb6 6. Bd3 Bd7 7. Bc2 Nge7 8. dxc5
Qxc5 9. O-O Ng6 10. Be3 Qb5 11. Bxg6 hxg6 12. Qc2 Bc5 13. Bxc5 Qxc5 14. Nbd2
O-O 15. Nb3 Qb6 16. Nbd4 Rac8 17. Qb3 Qc7 18. Rfe1 Na5 19. Qc2 Nc4 20. Nb3 Ba4
21. Rab1 Qb8 22. Qd3 Bb5 23. Qd4 Rc7 24. Ng5 Re8 25. Qh4 Kf8 26. Qh8+ Ke7 27.
Qxg7 Rf8 28. Nd4 Bd7 29. Ndf3 b6 30. Nh4 Rfc8 31. Nxg6+ Kd8 32. Nxf7+ 1-0

[Event "DEM U10/U10w 2010"]
[Site "Oberhof GER"]
[Date "2010.05.24"]
[Round "3"]
[White "Mätzkow, Maximilian Paul"]
[Black "Rogozenco, Teodora Nana"]
[Result "1-0"]
[Termination "normal"]
[Board "17"]
[WhiteElo "1470"]
[BlackElo "1186"]
[PlyCount "53"]
[WhiteFideId "24679933"]
[BlackFideId "12938084"]
[EventCountry "GER"]
[EventRounds "11"]
[EventType "swiss"]
[EventDate "2010.05.22"]

1. f4 c5 2. Nf3 Nc6 3. e3 d6 4. Be2 Nf6 5. b3 g6 6. Bb2 Bg7 7. O-O O-O 8. d3
Qc7 9. Rf2 Ng4 10. Bxg7 Nxf2 11. Kxf2 Kxg7 12. Nbd2 e5 13. g3 Bg4 14. Qh1 exf4
15. gxf4 Qd7 16. Rg1 Bxf3 17. Nxf3 Kh8 18. h4 Rg8 19. Ng5 Rg7 20. h5 h6 21.
hxg6 Rxg6 22. Bh5 Rf6 23. Nxf7+ Rxf7 24. Bxf7 Qxf7 25. Qxh6+ Qh7 26. Qf6+ Qg7
27. Qxg7# 1-0

[Event "DEM U10/U10w 2010"]
[Site "Oberhof GER"]
[Date "2010.05.24"]
[Round "3"]
[White "Gauchel, Lorenz"]
[Black "Ramien, David"]
[Result "1-0"]
[Termination "normal"]
[Board "18"]
[WhiteElo "1451"]
[BlackElo "1172"]
[PlyCount "129"]
[WhiteFideId "12905283"]
[BlackFideId "12948241"]
[EventCountry "GER"]
[EventRounds "11"]
[EventType "swiss"]
[EventDate "2010.05.22"]

1. d4 Nf6 2. Bf4 g6 3. e3 Bg7 4. Nf3 d6 5. h3 c5 6. c3 O-O 7. Be2 Bd7 8. O-O
Nc6 9. a4 a6 10. Na3 Rb8 11. dxc5 e5 12. Bh2 dxc5 13. Nxe5 Nxe5 14. Bxe5 Ra8
15. Bf3 Ra7 16. Bd6 Bxa4 17. Qxa4 Qxd6 18. Rfd1 Qb6 19. Nc4 Qc7 20. Qb3 b5 21.
Nd2 Qb6 22. Nc4 Qe6 23. Nd2 Bh6 24. Qxe6 fxe6 25. Ne4 Nxe4 26. Bxe4 Raf7 27.
Bf3 Ra7 28. Rd6 a5 29. Rxe6 Rd8 30. Rb6 b4 31. cxb4 cxb4 32. Rxb4 axb4 33. Rxa7
Rd2 34. b3 Rb2 35. Bd5+ Kh8 36. Rb7 Bf8 37. e4 Bd6 38. g3 Bc5 39. Rf7 Re2 40.
Kg2 Rb2 41. e5 Re2 42. e6 Re5 43. Bc4 g5 44. f4 gxf4 45. gxf4 Re3 46. f5 Kg8
47. Rc7 Rg3+ 48. Kxg3 Bd6+ 49. Kg4 Bxc7 50. e7+ Kg7 51. e8=Q Kf6 52. Qc6+ Ke5
53. Qxc7+ Kd4 54. Qd6+ Kc3 55. Qd3+ Kb2 56. Qd2+ Ka1 57. Qxb4 Ka2 58. Qa4+ Kb2
59. b4 Kc3 60. Qb3+ Kd4 61. Qd3+ Ke5 62. Qd5+ Kf6 63. Qe6+ Kg7 64. Kh5 Kf8 65.
Qf7# 1-0

[Event "DEM U10/U10w 2010"]
[Site "Oberhof GER"]
[Date "2010.05.24"]
[Round "3"]
[White "Sieber, Fiona"]
[Black "Arnhold, Steffi"]
[Result "1-0"]
[Termination "normal"]
[Board "19"]
[WhiteElo "1605"]
[BlackElo "1145"]
[PlyCount "95"]
[WhiteFideId "12902373"]
[BlackFideId "12931365"]
[EventCountry "GER"]
[EventRounds "11"]
[EventType "swiss"]
[EventDate "2010.05.22"]

1. e4 c5 2. Nf3 d6 3. d4 cxd4 4. Nxd4 Nf6 5. Nc3 e6 6. Bg5 Be7 7. f4 e5 8. Bb5+
Bd7 9. Bxd7+ Qxd7 10. Nf5 O-O 11. fxe5 Qe6 12. exf6 Bxf6 13. Bxf6 Qxf6 14. O-O
Nc6 15. Qxd6 Qg5 16. Rf3 Rad8 17. Qg3 Qxg3 18. Rxg3 g6 19. Nd5 f6 20. Nfe7+
Nxe7 21. Nxe7+ Kg7 22. Nd5 Rfe8 23. Re1 Rxd5 24. Rc3 Rd2 25. Rc7+ Kh6 26. h3 f5
27. e5 b5 28. e6 Kg5 29. Kf1 Kf6 30. Rf7+ Kg5 31. c3 Rxb2 32. e7 Rxa2 33. Rf8
Rxe7 34. Rxe7 a5 35. Ra7 b4 36. cxb4 Kf4 37. Rxa5 Rb2 38. Rfa8 Kg5 39. b5 Kf4
40. Ra4+ Kg3 41. Ra3+ Kh2 42. h4 Rxg2 43. Ra2 Rf2+ 44. Kxf2 Kh3 45. R8a4 h5 46.
Ra1 Kh2 47. Kf3 g5 48. R4a2+ 1-0

[Event "DEM U10/U10w 2010"]
[Site "Oberhof GER"]
[Date "2010.05.24"]
[Round "3"]
[White "Kirn, Niklas Johann"]
[Black "Spitzl, Vinzent"]
[Result "1/2-1/2"]
[Termination "normal"]
[Board "20"]
[WhiteElo "1188"]
[BlackElo "1711"]
[PlyCount "48"]
[WhiteFideId "12910899"]
[BlackFideId "12901253"]
[EventCountry "GER"]
[EventRounds "11"]
[EventType "swiss"]
[EventDate "2010.05.22"]

1. e4 e5 2. Ne2 Nc6 3. f4 Bc5 4. fxe5 d5 5. Nbc3 d4 6. Nd5 Nxe5 7. b4 c6 8.
bxc5 cxd5 9. exd5 d3 10. Bb2 Qxd5 11. Bxe5 Qxe5 12. cxd3 Qxc5 13. Qa4+ Kf8 14.
Qd4 Qxd4 15. Nxd4 Bd7 16. Rc1 Rc8 17. Rxc8+ Bxc8 18. Nb5 Be6 19. a3 a6 20. Nd6
b5 21. Be2 Bd5 22. Ne4 Ne7 23. O-O g6 24. Rf6 a5 1/2-1/2

[Event "DEM U10/U10w 2010"]
[Site "Oberhof GER"]
[Date "2010.05.24"]
[Round "3"]
[White "Stobbe, Frederik"]
[Black "Nguyen, Huy Dat"]
[Result "1/2-1/2"]
[Termination "normal"]
[Board "22"]
[WhiteElo "1157"]
[BlackElo "1363"]
[PlyCount "74"]
[BlackFideId "12923486"]
[EventCountry "GER"]
[EventRounds "11"]
[EventType "swiss"]
[EventDate "2010.05.22"]

1. e4 c5 2. Nf3 Nc6 3. d4 cxd4 4. Nxd4 g6 5. Nc3 Bg7 6. Be3 Nf6 7. Bc4 Qa5 8.
O-O O-O 9. Re1 d6 10. h3 Bd7 11. Qd2 Rac8 12. Bb3 Nxd4 13. Bxd4 Bc6 14. Qd3 Nd7
15. Bxg7 Kxg7 16. Rad1 Kg8 17. Nd5 Bxd5 18. Qxd5 Qxd5 19. exd5 Rfe8 20. Ba4 Rc7
21. Rd3 a6 22. Bxd7 Rxd7 23. Rc3 e6 24. Ree3 e5 25. f4 e4 26. g4 f5 27. g5 Kg7
28. h4 h6 29. Kg2 hxg5 30. hxg5 Ree7 31. a4 Rc7 32. b4 Kf8 33. b5 axb5 34. axb5
b6 35. Rc6 Ke8 36. Kg3 Kd8 37. Rxd6+ Red7 1/2-1/2

[Event "DEM U10/U10w 2010"]
[Site "Oberhof GER"]
[Date "2010.05.24"]
[Round "3"]
[White "Walker, Julia"]
[Black "Petersen, Marcel"]
[Result "0-1"]
[Termination "normal"]
[Board "23"]
[WhiteElo "1145"]
[BlackElo "1292"]
[PlyCount "64"]
[WhiteFideId "1271852"]
[BlackFideId "12935670"]
[EventCountry "GER"]
[EventRounds "11"]
[EventType "swiss"]
[EventDate "2010.05.22"]

1. e4 c5 2. Nc3 Nc6 3. g3 g6 4. d3 Bg7 5. Be3 d6 6. Qd2 Nf6 7. h3 Rb8 8. Bh6
O-O 9. Nge2 b5 10. Nd1 c4 11. Bg2 cxd3 12. cxd3 Qa5 13. Qxa5 Nxa5 14. Bxg7 Kxg7
15. f4 e5 16. Ne3 Nh5 17. Rf1 Nf6 18. Rf2 Nd7 19. b4 Nc6 20. f5 Nxb4 21. Kd2
Nc5 22. d4 exd4 23. Nxd4 Re8 24. Rf4 g5 25. Rg4 f6 26. h4 h5 27. hxg5 hxg4 28.
g6 Nxe4+ 29. Bxe4 Rxe4 30. Ne2 Rxe3 31. Nf4 Bxf5 32. Rb1 Bxb1 0-1

[Event "DEM U10/U10w 2010"]
[Site "Oberhof GER"]
[Date "2010.05.24"]
[Round "3"]
[White "Tong, Kevin"]
[Black "Kasel, Mario"]
[Result "1-0"]
[Termination "normal"]
[Board "24"]
[WhiteElo "1117"]
[BlackElo "1285"]
[PlyCount "137"]
[WhiteFideId "12913944"]
[BlackFideId "24660957"]
[EventCountry "GER"]
[EventRounds "11"]
[EventType "swiss"]
[EventDate "2010.05.22"]

1. e4 e5 2. Nf3 Nc6 3. Bc4 Bc5 4. c3 Nf6 5. d4 exd4 6. cxd4 Bb4+ 7. Nc3 Nxe4 8.
O-O d5 9. Nxd5 O-O 10. a3 Ba5 11. b4 Bb6 12. Re1 Re8 13. h3 h6 14. Bf4 Bf5 15.
Nxb6 axb6 16. d5 Ne7 17. Qb3 Nd6 18. Bd3 Bxd3 19. Qxd3 Ng6 20. Bg3 Rxe1+ 21.
Rxe1 Ne7 22. Rc1 Rc8 23. Bh4 Ndf5 24. Qxf5 Nxf5 25. Bxd8 Rxd8 26. Rxc7 Rxd5 27.
Rxb7 Rb5 28. Rd7 Kf8 29. Kf1 Ke8 30. Rd3 Ne7 31. g4 Ng6 32. Ke1 Nf4 33. Rc3
Nxh3 34. Nd2 Nf4 35. Nc4 Ke7 36. Kd2 Nd5 37. Rf3 Nf6 38. Re3+ Kf8 39. f3 Rd5+
40. Rd3 Rxd3+ 41. Kxd3 Nd7 42. Kd4 g6 43. a4 h5 44. g5 f6 45. f4 Kf7 46. a5
bxa5 47. bxa5 Nb8 48. Nb6 Nc6+ 49. Ke4 Nxa5 50. Nd5 f5+ 51. Kf3 Nc6 52. Nb6 Ke6
53. Nc8 Kd5 54. Nb6+ Kd4 55. Nd7 Kd3 56. Ne5+ Kd4 57. Nxc6+ Kd5 58. Ne7+ Ke6
59. Nxg6 Kf7 60. Ne5+ Kg7 61. Kg3 Kh7 62. Kh4 Kg7 63. Kxh5 Kh7 64. g6+ Kg7 65.
Kg5 Kg8 66. Kh6 Kh8 67. g7+ Kg8 68. Nc4 Kf7 69. Kh7 1-0